000 01367nam0a22003731 4500
001 RU\NLR\A1SV\41904
005 20251203171251.9
035 _a(NLR Aleph) 009724170
090 _a9884565
_c9884565
100 _a20020426d1925 u y0rusy50 ca
101 1 _arus
_ceng
102 _aRU
200 1 _aРадиолюбительские приемники с кристаллическими детекторами, и как их построить самому
_fПо П.Гаррису и А.Дугласу
_gПер. с англ. под ред. [и с предисл.] радиоинж. В.А.Гурова
210 _aЛ.
_cAcademia
_d1925
215 _a148 с.
_cил., черт.
_d16 см
225 _aРадиоб-ка изд-ва "Academia"
620 _dСанкт-Петербург
700 1 _6z01790
_aХаррис
_bП.В.
_gПерси Вуттон
_4070
701 1 _aДуглас
_bА.Л.
_f1899-1999
_gАлан Локхарт
_4070
702 1 _aГуров
_bВ.А.
_f1882-1947
_gВладимир Алексеевич
_4070
790 1 _6z01790
_aГаррис
_gП.
801 0 _aRU
_bNLR
_c20020426
852 _aNLR
_j17.127.5.43
899 _aРГБ
899 _aБАН
899 _aРКП
899 _aNLG
899 _aСПбГУ
899 _aНБ Бел.
899 _aLitNB
942 _cBOOK
980 _aNB
980 _aA1SV